Principles of crop improvement
Provides a broad introduction to the principles of plant breeding. Presents a synoptic view of crop history, linking original studies of crop origin and early evolution with recent and possible future trends in breeding. Primarily designed for senior undergraduate and graduate students of agricultur...
Đã lưu trong:
| 主要作者: | |
|---|---|
| 格式: | 图书 |
| 语言: | Undetermined |
| 出版: |
London
Longman
1979
|
| 主题: | |
| 标签: |
添加标签
没有标签, 成为第一个标记此记录!
|
| Thư viện lưu trữ: | Trung tâm Học liệu Trường Đại học Cần Thơ |
|---|
| LEADER | 00900nam a2200205Ia 4500 | ||
|---|---|---|---|
| 001 | CTU_138608 | ||
| 008 | 210402s9999 xx 000 0 und d | ||
| 082 | |a 631.53 | ||
| 082 | |b S592 | ||
| 100 | |a Simmonds, N.W. | ||
| 245 | 0 | |a Principles of crop improvement | |
| 245 | 0 | |c N.W. Simmonds | |
| 260 | |a London | ||
| 260 | |b Longman | ||
| 260 | |c 1979 | ||
| 520 | |a Provides a broad introduction to the principles of plant breeding. Presents a synoptic view of crop history, linking original studies of crop origin and early evolution with recent and possible future trends in breeding. Primarily designed for senior undergraduate and graduate students of agriculture, horticulture, and applied biology. | ||
| 650 | |a Plant breeding,Crops,Cây trồng | ||
| 650 | |x Breeding,Cây giống,Chăn nuôi | ||
| 904 | |i Trọng Hiếu | ||
| 980 | |a Trung tâm Học liệu Trường Đại học Cần Thơ | ||